<?xml version="1.0" encoding="UTF-8"?>
<record
    xmlns:xsi="http://www.w3.org/2001/XMLSchema-instance"
    xsi:schemaLocation="http://www.loc.gov/MARC21/slim http://www.loc.gov/standards/marcxml/schema/MARC21slim.xsd"
    xmlns="http://www.loc.gov/MARC21/slim">

  <leader>01434nam0a22003131  4500</leader>
  <controlfield tag="001">rc\3807182</controlfield>
  <controlfield tag="005">20260405075304.0</controlfield>
  <datafield tag="021" ind1=" " ind2=" ">
    <subfield code="a">RU</subfield>
    <subfield code="b">75-92947</subfield>
  </datafield>
  <datafield tag="021" ind1=" " ind2=" ">
    <subfield code="a">RU</subfield>
    <subfield code="b">&#x420;&#x433;995-76</subfield>
  </datafield>
  <datafield tag="035" ind1=" " ind2=" ">
    <subfield code="a">(NLR Aleph) 007258793</subfield>
  </datafield>
  <datafield tag="090" ind1=" " ind2=" ">
    <subfield code="a">5284857</subfield>
    <subfield code="c">5284857</subfield>
  </datafield>
  <datafield tag="100" ind1=" " ind2=" ">
    <subfield code="a">20120329d1975    |||y0rusy50      ca</subfield>
  </datafield>
  <datafield tag="101" ind1="0" ind2=" ">
    <subfield code="a">rus</subfield>
  </datafield>
  <datafield tag="102" ind1=" " ind2=" ">
    <subfield code="a">RU</subfield>
  </datafield>
  <datafield tag="105" ind1=" " ind2=" ">
    <subfield code="a">a   z   |||||</subfield>
  </datafield>
  <datafield tag="200" ind1="1" ind2=" ">
    <subfield code="a">&#x42D;&#x43A;&#x441;&#x43F;&#x435;&#x440;&#x438;&#x43C;&#x435;&#x43D;&#x442;&#x430;&#x43B;&#x44C;&#x43D;&#x44B;&#x435; &#x43C;&#x435;&#x442;&#x43E;&#x434;&#x44B; &#x43E;&#x43F;&#x440;&#x435;&#x434;&#x435;&#x43B;&#x435;&#x43D;&#x438;&#x44F; &#x433;&#x438;&#x434;&#x440;&#x43E;&#x434;&#x438;&#x43D;&#x430;&#x43C;&#x438;&#x447;&#x435;&#x441;&#x43A;&#x438;&#x445; &#x43F;&#x430;&#x440;&#x430;&#x43C;&#x435;&#x442;&#x440;&#x43E;&#x432; &#x43F;&#x440;&#x438; &#x442;&#x435;&#x447;&#x435;&#x43D;&#x438;&#x438; &#x436;&#x438;&#x434;&#x43A;&#x438;&#x445; &#x43C;&#x435;&#x442;&#x430;&#x43B;&#x43B;&#x43E;&#x432;</subfield>
  </datafield>
  <datafield tag="210" ind1=" " ind2=" ">
    <subfield code="a">&#x41A;&#x438;&#x435;&#x432;</subfield>
    <subfield code="c">&#x411;. &#x438;.</subfield>
    <subfield code="d">1975</subfield>
  </datafield>
  <datafield tag="215" ind1=" " ind2=" ">
    <subfield code="a">39 &#x441;.</subfield>
    <subfield code="c">&#x438;&#x43B;.</subfield>
    <subfield code="d">20</subfield>
  </datafield>
  <datafield tag="225" ind1="1" ind2=" ">
    <subfield code="a">&#x410;&#x41D; &#x421;&#x421;&#x421;&#x420;. &#x41D;&#x430;&#x443;&#x447;&#x43D;&#x44B;&#x439; &#x441;&#x43E;&#x432;&#x435;&#x442; "&#x41D;&#x43E;&#x432;&#x44B;&#x435; &#x43F;&#x440;&#x43E;&#x446;&#x435;&#x441;&#x441;&#x44B; &#x43F;&#x43E;&#x43B;&#x443;&#x447;&#x435;&#x43D;&#x438;&#x44F; &#x438; &#x43E;&#x431;&#x440;&#x430;&#x431;&#x43E;&#x442;&#x43A;&#x438; &#x43C;&#x435;&#x442;&#x430;&#x43B;&#x43B;&#x438;&#x447;&#x435;&#x441;&#x43A;&#x438;&#x445; &#x43C;&#x430;&#x442;&#x435;&#x440;&#x438;&#x430;&#x43B;&#x43E;&#x432;. &#x418;&#x43D;&#x441;&#x442;&#x438;&#x442;&#x443;&#x442; &#x43F;&#x440;&#x43E;&#x431;&#x43B;&#x435;&#x43C; &#x43B;&#x438;&#x442;&#x44C;&#x44F; &#x410;&#x41D; &#x423;&#x421;&#x421;&#x420;. &#x41F;&#x440;&#x435;&#x43F;&#x440;&#x438;&#x43D;&#x442;</subfield>
  </datafield>
  <datafield tag="300" ind1=" " ind2=" ">
    <subfield code="a">&#x41F;&#x435;&#x440;&#x435;&#x434; &#x437;&#x430;&#x433;&#x43B;. &#x430;&#x432;&#x442;.: &#x413;&#x440;&#x435;&#x431;&#x435;&#x43D;&#x44E;&#x43A;, &#x412;.&#x41F;., &#x415;&#x444;&#x438;&#x43C;&#x43E;&#x432;, &#x412;.&#x410;., &#x410;&#x43A;&#x438;&#x43C;&#x435;&#x43D;&#x43A;&#x43E;, &#x410;.&#x414;. [&#x438; &#x434;&#x440;.]</subfield>
  </datafield>
  <datafield tag="701" ind1=" " ind2="1">
    <subfield code="4">070</subfield>
    <subfield code="8">rus</subfield>
    <subfield code="7">ca</subfield>
    <subfield code="a">&#x415;&#x444;&#x438;&#x43C;&#x43E;&#x432;</subfield>
    <subfield code="b">&#x412;. &#x410;.</subfield>
    <subfield code="c">&#x434;-&#x440; &#x442;&#x435;&#x445;&#x43D;. &#x43D;&#x430;&#x443;&#x43A;, &#x43C;&#x435;&#x442;&#x430;&#x43B;&#x43B;&#x443;&#x440;&#x433;&#x438;&#x44F;</subfield>
    <subfield code="f">1921-2002</subfield>
    <subfield code="g">&#x412;&#x438;&#x43A;&#x442;&#x43E;&#x440; &#x410;&#x43B;&#x435;&#x43A;&#x441;&#x435;&#x435;&#x432;&#x438;&#x447;</subfield>
    <subfield code="3">RU\NLR\AUTH\7726869</subfield>
    <subfield code="9">9907</subfield>
  </datafield>
  <datafield tag="701" ind1=" " ind2="1">
    <subfield code="a">&#x410;&#x43A;&#x438;&#x43C;&#x435;&#x43D;&#x43A;&#x43E;</subfield>
    <subfield code="b">&#x410;.&#x414;.</subfield>
  </datafield>
  <datafield tag="701" ind1=" " ind2="1">
    <subfield code="a">&#x413;&#x440;&#x435;&#x431;&#x435;&#x43D;&#x44E;&#x43A;</subfield>
    <subfield code="b">&#x412;.&#x41F;.</subfield>
    <subfield code="g">&#x412;&#x43B;&#x430;&#x434;&#x438;&#x43C;&#x438;&#x440; &#x41F;&#x430;&#x432;&#x43B;&#x43E;&#x432;&#x438;&#x447;</subfield>
  </datafield>
  <datafield tag="801" ind1=" " ind2="0">
    <subfield code="a">RU</subfield>
    <subfield code="b">NLR</subfield>
    <subfield code="g">psbo</subfield>
  </datafield>
  <datafield tag="801" ind1=" " ind2="1">
    <subfield code="a">RU</subfield>
    <subfield code="b">ELAR</subfield>
    <subfield code="2">rusmarc</subfield>
  </datafield>
  <datafield tag="852" ind1=" " ind2=" ">
    <subfield code="a">NLR</subfield>
    <subfield code="j">76-4/1135</subfield>
  </datafield>
  <datafield tag="942" ind1=" " ind2=" ">
    <subfield code="c">BOOK</subfield>
  </datafield>
  <datafield tag="980" ind1=" " ind2=" ">
    <subfield code="a">NB</subfield>
  </datafield>
  <datafield tag="995" ind1=" " ind2=" ">
    <subfield code="5">2013-10-26</subfield>
    <subfield code="b">NLR01</subfield>
    <subfield code="c">NLR01</subfield>
    <subfield code="e">RF91</subfield>
    <subfield code="f">7258793-10</subfield>
    <subfield code="k">76-4/1135</subfield>
    <subfield code="o">0</subfield>
    <subfield code="r">BOOK</subfield>
    <subfield code="s">7641135_</subfield>
  </datafield>
</record>
